[Event "Olympiad-44"]
[Site "Chennai"]
[Date "2022.08.09"]
[Round "11.1"]
[White "Harikrishna, Pentala"]
[Black "Caruana, Fabiano"]
[Result "1/2-1/2"]
[WhiteElo "2720"]
[BlackElo "2783"]
[PlyCount "36"]
[EventDate "2022.07.29"]
[EventType "team-swiss"]
[EventRounds "11"]
[EventCountry "IND"]
[SourceTitle "EXT 2023"]
[Source "ChessBase"]
[SourceDate "2022.10.05"]
[SourceVersion "1"]
[SourceVersionDate "2022.10.05"]
[SourceQuality "1"]
[WhiteTeam "India"]
[BlackTeam "US of America"]
[WhiteTeamCountry "IND"]
[BlackTeamCountry "USA"]

1. d4 Nf6 2. c4 e6 3. Nc3 Bb4 4. Qc2 O-O 5. a3 Bxc3+ 6. Qxc3 d5 7. Bg5 h6 8. Bxf6 Qxf6 9. Nf3 dxc4 10. Qxc4 Nc6 11. e3 ({RR} 11. Qc3 Re8 12. Rd1 e5 13. d5 Nb8 14. e3 Bg4 15. Be2 Nd7 16. O-O Rac8 17. Qb4 Bxf3 18. Bxf3 Qb6 19. Qxb6 axb6 20. Bg4 Rcd8 21. Bxd7 Rxd7 22. e4 Rd6 23. Rd3 b5 24. Rc1 c6 25. Kf1 Kf8 {So,W (2761)-Nakamura,H (2768) Saint Louis USA 2023 ½-½ (37)}) 11... e5 12. d5 e4 ({RR} 12... Nd8 13. Qxc7 Bg4 14. Qxe5 Qb6 15. Qd4 Qa5+ 16. b4 Qc7 17. Bd3 Bxf3 18. gxf3 f6 19. O-O Nf7 20. Qe4 Ng5 21. Qf5 Rae8 22. f4 Nf3+ 23. Kh1 g5 24. d6 Qg7 25. Qd5+ {1-0 (25) Kozganbayev,E (2260)-Bashirov,K (2320) chess.com INT 2025}) 13. Qxe4 $146 ({RR} 13. Nd2 Ne7 14. Nxe4 Qxb2 15. Qc3 Qb6 16. Bc4 Rd8 17. Rd1 Qg6 18. Ng3 c6 19. Bd3 Qg4 20. Be2 Qg6 21. Bh5 Qf6 22. Qxf6 gxf6 23. dxc6 Rxd1+ 24. Bxd1 Nxc6 25. Nh5 f5 26. Kd2 Be6 27. Be2 Ne5 {Reuker,J (2389)-Grigorian,S (2359) Bremen 2018 1-0 (94)}) 13... Qxb2 14. Rd1 Qc3+ 15. Rd2 Qc1+ 16. Rd1 Qc3+ 17. Rd2 Qc1+ 18. Rd1 Qc3+ 1/2-1/2

[Event "Titled Tue 21st Feb Late"]
[Site "chess.com INT"]
[Date "2023.02.21"]
[Round "8"]
[White "Indjic, A.."]
[Black "Caruana, F.."]
[Result "0-1"]
[WhiteElo "2641"]
[BlackElo "2766"]
[PlyCount "228"]
[EventDate "2023.02.21"]

1. d4 Nf6 2. c4 e6 3. Nc3 Bb4 4. Qc2 c5 5. dxc5 Bxc5 6. Nf3 Nc6 7. Bg5 h6 8. Bh4 O-O 9. e3 b6 10. a3 Bb7 11. Rd1 Be7 12. Be2 d6 13. O-O a6 14. Rd2 Qb8 15. Rfd1 Rd8 16. h3 $146 ({RR} 16. Na4 Qc7 17. Qb3 Ne4 18. Bxe7 Qxe7 19. Rc2 Nc5 20. Nxc5 bxc5 21. Qc3 a5 22. Rcd2 a4 23. Bd3 Na5 24. Bc2 Bxf3 25. gxf3 Qh4 26. Be4 Ra6 27. Kh1 f5 28. Rg1 Ra7 29. Bd3 Nb3 30. Rc2 Rf7 {Li,X (2154)-Charochkina,D (2396) Moscow 2016 0-1 (47)}) 16... Rd7 17. b4 Qc7 18. Bg3 Ne5 19. Nxe5 dxe5 20. Rxd7 Nxd7 21. Bf1 Rc8 22. Qb2 Nf8 23. Na4 f6 24. f3 Bc6 25. Nc3 a5 26. e4 axb4 27. axb4 Ra8 28. Bf2 Nd7 29. Qb3 Kh7 30. c5 bxc5 31. b5 Bb7 32. Qxe6 Nf8 33. Qf7 Bd6 34. Qb3 Rd8 35. b6 Qe7 36. Nd5 Qf7 37. Bc4 Qg6 38. Ne3 Qe8 39. Bf7 Qc6 40. Bd5 Qc8 41. Bxb7 Qxb7 42. Nc4 Be7 43. Rb1 Qd7 44. Qb5 Qxb5 45. Rxb5 Ne6 46. b7 Rb8 47. Na5 Nd8 48. Kf1 Kg6 49. Ke2 Bd6 50. Kd3 Bc7 51. Bxc5 Bxa5 52. Rxa5 Nxb7 53. Rb5 Nxc5+ 54. Rxc5 Rb2 55. g4 Rh2 56. Ke3 Rxh3 57. Kf2 Rh2+ 58. Kg3 Rd2 59. Rc7 Rd3 60. Rb7 Rd8 61. Ra7 Rg8 62. Kh4 Rh8 63. Rb7 h5 64. gxh5+ Rxh5+ 65. Kg3 Rg5+ 66. Kf2 Rh5 67. Kg3 Rh7 68. Rb1 Kg5 69. Rg1 g6 70. Kf2+ Kh6 71. Kg3 Ra7 72. Rh1+ Kg5 73. Rg1 Ra3 74. Kf2+ Kh6 75. Kg3 Kg7 76. Kg4 Kf7 77. Rc1 g5 78. Rc8 Ra1 79. Kg3 Rg1+ 80. Kf2 Rh1 81. Kg3 Rh4 82. Rb8 Rf4 83. Ra8 g4 84. fxg4 Rxe4 85. Rb8 Rd4 86. Ra8 Rd7 87. Kf3 Kg6 88. Rg8+ Rg7 89. Rh8 Rh7 90. Rg8+ Kf7 91. Rb8 Rh3+ 92. Kg2 Rd3 93. Ra8 Kg6 94. Rg8+ Kh6 95. Kf2 Rc3 96. Kg2 Rb3 97. Kf2 Kh7 98. Rf8 Kg7 99. Rc8 Kf7 100. Kg2 Ke6 101. Rc6+ Ke7 102. Kf2 Ra3 103. Kg2 Rd3 104. Kf2 Rd6 105. Rc8 Ke6 106. Kf3 Rd3+ 107. Kf2 Rd4 108. Kf3 Rd6 109. Rc5 Ra6 110. Rb5 Kd6 111. Kf2 Rc6 112. Kf3 Ke6 113. Kf2 Kf7 114. Kf3 Rc3+ 0-1

[Event "PRO League Prelim 2023"]
[Site "chess.com INT"]
[Date "2023.03.17"]
[Round "5.3"]
[White "Indjic, A.."]
[Black "Caruana, F.."]
[Result "0-1"]
[WhiteElo "2636"]
[BlackElo "2766"]
[PlyCount "102"]
[EventDate "2023.02.14"]
[WhiteTeam "Croatia Bulldogs"]
[BlackTeam "Saint Louis Arch Bishops"]

1. d4 Nf6 2. c4 e6 3. Nc3 Bb4 4. e3 O-O 5. Bd3 d5 6. a3 Bxc3+ 7. bxc3 dxc4 8. Bxc4 c5 9. Bd3 Qc7 10. Bb2 Nc6 11. Nf3 e5 12. Nxe5 Nxe5 13. dxe5 Qxe5 14. Qe2 Bf5 15. c4 Qe6 16. Bxf5 Qxf5 17. O-O Rad8 18. Rfd1 h6 $146 ({RR} 18... Qe6 19. Bxf6 {½-½ (19) Khanin,S (2595)-Xiong,J (2646) Philadelphia USA 2025}) 19. f3 Qe6 20. Rac1 Qe7 21. e4 Nd7 22. a4 Nb8 23. Rd5 Nc6 24. Bc3 a5 25. Qb2 f5 26. e5 Nb4 27. Rcd1 f4 28. Rd6 Rxd6 29. Rxd6 Rd8 30. Qd2 Rxd6 31. exd6 Qd7 32. Qxf4 Qxa4 33. h4 Qd7 34. Qe5 b6 35. g4 Nc6 36. Qd5+ Kf8 37. g5 hxg5 38. hxg5 a4 39. g6 a3 40. Qh5 Qxd6 41. Qh8+ Ke7 42. Qxg7+ Kd8 43. Qf7 Qd1+ 44. Kg2 Qc2+ 45. Kh3 Qxc3 46. Qd5+ Kc7 47. Qf7+ Kd8 48. Qd5+ Ke7 49. Qxc6 Qxc4 50. g7 Kf7 51. Qc7+ Kg8 0-1

[Event "Titled Tue 17th Oct Late"]
[Site "chess.com INT"]
[Date "2023.10.17"]
[Round "8"]
[White "Indjic, A.."]
[Black "Caruana, F.."]
[Result "0-1"]
[WhiteElo "2610"]
[BlackElo "2786"]
[PlyCount "108"]
[EventDate "2023.10.17"]

1. d4 Nf6 2. c4 e6 3. Nc3 Bb4 4. Qc2 d5 5. a3 Bxc3+ 6. Qxc3 O-O 7. Nf3 Nbd7 8. Bg5 h6 9. Bh4 b6 10. cxd5 exd5 11. e3 c5 12. Bb5 g5 ({RR} 12... a5 13. Bc6 Ra7 14. dxc5 bxc5 15. Bxd7 Rxd7 16. Qxc5 Ba6 17. Qd4 g5 18. Bg3 Ne4 19. Rc1 Qa8 20. Qd1 Rc8 21. Nd4 Nc5 22. Rc2 a4 23. Kd2 Rb7 24. Qc1 Bc4 25. f3 Qa5+ 26. Kd1 Nb3 27. Be1 {Abdusattorov,N (2767)-Gukesh,D (2776) Zagreb CRO 2025 0-1}) 13. Bg3 Ne4 14. Qc2 Bb7 $146 ({RR} 14... Ndf6 15. O-O Bf5 16. Qd1 Qe7 17. dxc5 bxc5 18. Bd3 a5 19. Rc1 Rfc8 20. Be5 Ng4 21. Bc3 Re8 22. Bxe4 Bxe4 23. h3 Nf6 24. Nh2 Rac8 25. Bxa5 Bg6 26. Bc3 Red8 27. Re1 Ne4 28. b4 Nxc3 29. Rxc3 {Kuzubov,Y (2624)-Vidit,S (2731) chess.com INT 2023 0-1 (64)}) 15. Ne5 Nxe5 16. Bxe5 Rc8 17. dxc5 bxc5 18. Bd3 Re8 19. Bxe4 Rxe5 20. Bf3 Ba6 21. O-O-O d4 22. h4 Qf6 23. hxg5 Rxg5 24. Kb1 d3 25. Qc3 Qxc3 26. bxc3 Rb8+ 27. Ka1 Rb3 28. Rxh6 Bc4 29. Rh4 Rxa3+ 30. Kb1 Rb3+ 31. Ka1 Rg6 32. Rg4 Rxg4 33. Bxg4 Rxc3 34. Rd2 a5 35. Bd1 Ra3+ 36. Kb1 a4 37. e4 Bb3 38. Rxd3 Ba2+ 39. Kc2 Bb1+ 40. Kxb1 Rxd3 41. Bxa4 Rd2 42. f4 Rxg2 43. Bc2 Rf2 44. f5 f6 45. Kb2 Kg7 46. Kc3 Kh6 47. Ba4 Kg5 48. Kc4 Kf4 49. Kd5 c4 50. e5 fxe5 51. f6 e4 52. f7 Ke3 53. Ke6 c3 54. Ke7 Kd2 0-1

[Event "Titled Tue 25th Apr Early"]
[Site "chess.com INT"]
[Date "2023.04.25"]
[Round "5"]
[White "Kuzubov, Y.."]
[Black "Caruana, F.."]
[Result "0-1"]
[WhiteElo "2624"]
[BlackElo "2764"]
[PlyCount "108"]
[EventDate "2023.04.25"]

1. d4 Nf6 2. c4 e6 3. Nc3 Bb4 4. Qc2 O-O 5. a3 Bxc3+ 6. Qxc3 d5 7. Nf3 dxc4 8. Qxc4 b6 9. Bg5 Ba6 10. Qc1 Nbd7 11. e4 Bxf1 12. Rxf1 Qc8 13. Qc6 h6 14. Bh4 b5 $146 ({RR} 14... Rb8 15. Ne5 Nxe5 16. dxe5 Qd7 17. Qxd7 Nxd7 18. f4 Nc5 19. O-O-O Rfe8 20. b4 Nxe4 21. Rf3 c5 22. Re3 f5 23. exf6 Nxf6 24. Bxf6 gxf6 25. Rd7 cxb4 26. Rg3+ Kf8 27. Rgg7 Rec8+ 28. Kb1 bxa3 29. Rdf7+ {Zatonskih,A (2363)-Pourkashiyan,A (2288) Saint Louis USA 2023 ½-½ (57)}) 15. Nd2 Rb8 16. f3 Rb6 17. Qc2 c5 18. dxc5 Nxc5 19. Bxf6 gxf6 20. Ke2 Rd8 21. Rfd1 Rc6 22. Rac1 Rdd6 23. Qb1 b4 24. axb4 Qa6+ 25. Nc4 Rxd1 26. Kxd1 Nb3 27. Rc3 Rxc4 28. Rxb3 Qa4 29. Qd3 Rxb4 30. Kc2 Kg7 31. h4 e5 32. h5 a5 33. g4 Rd4 34. Qb5 Qa1 35. Qe2 Qa2 36. Ra3 Qe6 37. Rc3 Qd6 38. Kb1 a4 39. Ka2 Qe6+ 40. Kb1 Qd7 41. Ka2 Qd6 42. Qb5 Qe6+ 43. Kb1 Rd1+ 44. Rc1 Rd4 45. Qc6 Qb3 46. Qc3 Qb5 47. Ka2 Qe2 48. Rc2 Qf1 49. Rc1 Qb5 50. Rc2 Rd3 51. Qc4 Qb3+ 52. Kb1 Rd1+ 53. Rc1 Qxc4 54. Rxd1 Qe2 0-1

[Event "Titled Tue 25th Apr Late"]
[Site "chess.com INT"]
[Date "2023.04.25"]
[Round "10"]
[White "Kuzubov, Y.."]
[Black "Caruana, F.."]
[Result "1-0"]
[WhiteElo "2624"]
[BlackElo "2764"]
[PlyCount "145"]
[EventDate "2023.04.25"]

1. d4 Nf6 2. c4 e6 3. Nc3 Bb4 4. Qc2 O-O 5. a3 Bxc3+ 6. Qxc3 d6 7. f3 Nc6 ({RR} 7... c5 8. dxc5 dxc5 9. Bg5 h6 10. Bf4 Nc6 11. Rd1 Qa5 12. Bd2 Qa4 13. e3 e5 14. Ra1 Re8 15. Ne2 Bf5 16. b3 Qa6 17. Ng3 Bg6 18. Be2 Qb6 19. O-O a5 20. Rfd1 Nh7 21. Be1 Ng5 22. Rd5 {Kramnik,V (2772)-Ivanchuk,V (2786) Dresden 2008 ½-½ (54)}) 8. e4 e5 9. d5 ({RR} 9. Be3 exd4 10. Bxd4 Nxd4 11. Qxd4 a5 12. Bd3 a4 13. Ne2 Nd7 14. Nc3 Nc5 15. Bc2 Be6 16. O-O c6 17. Rad1 Qb6 18. Rd2 Qxb2 19. f4 Qxa3 20. f5 Bd7 21. f6 Ne6 22. Qd3 Qc5+ 23. Kh1 Qe5 {Papasimakopoulos,A (2375)-Caruana,F (2796) chess.com INT 2024 0-1 (37)}) 9... Nd4 10. Ne2 $146 ({RR} 10. Be3 c5 11. dxc6 Nxc6 12. b4 a6 13. Bd3 Be6 14. Ne2 Rc8 15. Qd2 Nh5 16. O-O f5 17. exf5 Bf7 18. Rfd1 Qe7 19. Rac1 Kh8 20. Bg5 Nf6 21. b5 axb5 22. cxb5 Nb8 23. Be4 Rxc1 24. Rxc1 d5 {Papasimakopoulos,A (2334)-Gatterer,F (2175) chess.com INT 2023 ½-½ (51)}) 10... Nxe2 11. Bxe2 Nh5 12. Be3 Nf4 13. Bxf4 exf4 14. O-O Re8 15. c5 Bd7 16. Rac1 a5 17. cxd6 cxd6 18. Qc7 Qe7 19. Qb6 Rec8 20. Rxc8+ Rxc8 21. Qxb7 Qd8 22. Qa7 Rc2 23. Bd3 Rxb2 24. Qd4 Qb6 25. Qxb6 Rxb6 26. Rb1 Rxb1+ 27. Bxb1 g5 28. Kf2 Kg7 29. g3 h6 30. gxf4 gxf4 31. Ke2 Kf6 32. Kd2 Kg5 33. Ke1 Kh4 34. Kf2 Kh3 35. Kg1 Bb5 36. e5 Bd7 37. exd6 Kh4 38. Kf2 Kg5 39. Ke2 Kf6 40. Kd3 Ke5 41. Kc4 Kxd6 42. Kd4 f5 43. Bd3 Bc8 44. Bc4 Bb7 45. Bb3 Bc8 46. Bc2 Bd7 47. Bd3 Bc8 48. Bc2 Bb7 49. Bb3 Ba6 50. Bc4 Bc8 51. Bb5 Bb7 52. Bc4 Ba8 53. Bb3 Bb7 54. Ba2 Bc8 55. Bc4 Bd7 56. Be2 Ba4 57. Kc4 Bc2 58. Kb5 Kxd5 59. Kxa5 Kd4 60. Kb4 Ke3 61. Kc3 Ba4 62. Bd3 Kxf3 63. Bxf5 Ke3 64. Kb4 Bc6 65. Kc5 Ba4 66. Kb4 Bc6 67. Kc5 Bb7 68. a4 f3 69. Bh3 f2 70. a5 Ke2 71. Kb6 Bc8 72. Bxc8 Ke3 73. Ba6 1-0

[Event "Douglas IoM op"]
[Site "Douglas"]
[Date "2017.09.24"]
[Round "2"]
[White "Lubbe, Nikolas"]
[Black "Caruana, Fabiano"]
[Result "1/2-1/2"]
[WhiteElo "2515"]
[BlackElo "2799"]
[PlyCount "88"]
[EventDate "2017.09.23"]
[EventType "swiss"]
[EventRounds "9"]
[EventCountry "IOM"]
[SourceTitle "CBM 181"]
[Source "ChessBase"]
[SourceDate "2017.11.10"]
[SourceVersion "1"]
[SourceVersionDate "2017.11.10"]
[SourceQuality "1"]

1. d4 Nf6 2. c4 e6 3. Nc3 Bb4 4. e3 b6 5. Bd3 Bb7 6. Nf3 O-O 7. O-O d5 8. cxd5 exd5 9. a3 Bd6 10. b4 Nbd7 11. Qb3 a6 12. a4 Re8 13. Ba3 Qe7 14. b5 c6 15. bxc6 Bxc6 16. Rfc1 g6 17. h3 Bb7 $146 ({RR} 17... Rec8 18. Ne5 Nxe5 19. dxe5 Qxe5 20. Bxd6 Qxd6 21. Qxb6 Nd7 22. Qd4 Nc5 23. Ne4 Nxe4 24. Bxe4 a5 25. Rc5 Rab8 26. Bxd5 Bxd5 27. Rxd5 Qb4 28. Qe5 Qb2 29. Qxb2 Rxb2 30. Rxa5 Rcc2 31. Rb5 Rxf2 32. Rxb2 {Sokolov,I (2625)-Akobian,V (2625) Antalya 2013 1-0 (48)}) 18. Bxd6 Qxd6 19. a5 b5 20. Bxb5 axb5 21. Nxb5 Qe7 22. Nc7 Ba6 23. Nxe8 Qxe8 24. Rc6 Kg7 25. Qa4 Qb8 26. Rcc1 Ra7 27. Rab1 Qe8 28. Ra1 Qe7 29. Qc6 h6 30. Nd2 Bb7 31. Qb5 Ba6 32. Qc6 h5 33. Nb3 Bc4 34. Nd2 Bd3 35. Qc8 Ne4 36. Nxe4 Bxe4 37. f3 Bd3 38. Kf2 Bc4 39. Rcb1 h4 40. Qc6 Ra6 41. Qc7 Re6 42. Rb7 Ba6 43. Rb3 Kh7 44. Rab1 Kg7 1/2-1/2

[Event "8th Sinquefield Cup 2021"]
[Site "Saint Louis USA"]
[Date "2021.08.24"]
[Round "7.3"]
[White "Mamedyarov, S.."]
[Black "Caruana, F.."]
[Result "0-1"]
[WhiteElo "2782"]
[BlackElo "2806"]
[PlyCount "76"]
[EventDate "2021.08.17"]

1. d4 Nf6 2. c4 e6 3. Nc3 Bb4 4. f3 c5 5. d5 d6 6. e4 b5 7. Bd2 Bxc3 8. Bxc3 b4 9. Bd2 O-O 10. Ne2 exd5 11. exd5 Nh5 12. Kf2 f5 13. Nf4 $146 ({RR} 13. g3 Qf6 14. Qc1 f4 15. Bg2 fxg3+ 16. hxg3 Qg6 17. Rh4 Nd7 18. g4 Nhf6 19. Kg1 Ne5 20. Nf4 Qf7 21. g5 Ne8 22. Kh1 Nc7 23. Qf1 Bf5 24. Re1 Rae8 25. b3 a5 26. Bh3 a4 27. Re2 axb3 {Mikhalevski,V (2524)-Derakhshani,B (2380) Hastings ENG 2024 0-1 (47)}) 13... Nxf4 14. Bxf4 g5 15. Bc1 Nd7 16. f4 Nf6 17. Kg1 Ne4 18. fxg5 f4 19. Bd3 Qe7 20. Qe2 Bf5 21. Bxf4 Qg7 22. Rf1 Bg6 23. h3 Rae8 24. Qc2 Qd4+ 25. Kh2 Rf7 26. Qe2 Nf6 27. Qd1 Bxd3 28. gxf6 Bxf1 29. Qg4+ Kh8 30. Rxf1 Rxf6 31. Rf3 Rg8 32. Qh4 Qxb2 33. Rg3 Rxg3 34. Bxg3 Qd4 35. Qh5 Qe4 36. Qg5 Qg6 37. Qe3 Qf7 38. Qb3 Rg6 0-1

[Event "Sinquefield Cup 7th"]
[Site "Saint Louis"]
[Date "2019.08.27"]
[Round "10"]
[White "Mamedyarov, Shakhriyar"]
[Black "Caruana, Fabiano"]
[Result "1/2-1/2"]
[WhiteElo "2764"]
[BlackElo "2818"]
[PlyCount "74"]
[EventDate "2019.08.17"]
[EventType "tourn"]
[EventRounds "11"]
[EventCountry "USA"]
[EventCategory "22"]
[SourceTitle "CBM 192"]
[Source "ChessBase"]
[SourceDate "2019.10.31"]
[SourceVersion "1"]
[SourceVersionDate "2019.10.31"]
[SourceQuality "1"]

1. d4 Nf6 2. c4 e6 3. Nc3 Bb4 4. Qc2 O-O 5. e4 d5 6. e5 Ne4 7. Bd3 c5 8. Nf3 cxd4 9. Nxd4 Nd7 10. Bf4 Qh4 11. g3 Qh5 12. O-O g5 13. cxd5 Bxc3 14. bxc3 gxf4 ({RR} 14... exd5 15. Bxe4 dxe4 16. e6 gxf4 17. exd7 Bxd7 18. Qxe4 fxg3 19. fxg3 b6 20. Rae1 Rae8 21. Qf3 Qxf3 22. Nxf3 Rxe1 23. Rxe1 Rc8 24. Re7 Rxc3 25. Rxd7 Rxf3 26. Rxa7 b5 27. Rb7 Ra3 28. Rxb5 Rxa2 29. Rg5+ {Radjabov,T (2763)-Ding,L (2799) Chess.com INT 2021 ½-½ (33)}) ({RR} 14... exd5 15. e6 gxf4 16. exd7 Bxd7 17. Bxe4 dxe4 18. Qxe4 fxg3 19. fxg3 b6 20. Nf5 Rfe8 21. Ne7+ Kf8 22. Rf2 Rad8 23. Re1 Be6 24. Nc6 Rc8 25. Qb4+ Kg7 26. Nd4 Bd5 27. Rxe8 Rxe8 28. Qb1 Qg6 29. Nf5+ {Malikova,M (2083)-Sydoryka,V (2278) chess.com INT 2024 0-1 (46)}) ({RR} 14... exd5 15. Be3 Nxe5 16. f3 Nxd3 17. Qxd3 Nd6 18. g4 Qg6 19. Qxg6+ fxg6 20. Bxg5 Re8 21. Bf4 Nc4 22. Nb5 Rf8 23. Bh6 Rd8 24. Rfe1 Kf7 25. Rad1 b6 26. Rd4 g5 27. Bxg5 Rd7 28. Rf4+ Kg6 29. Re6+ {Caruana,F (2792)-Vidit,S (2727) Warsaw 2021 1-0}) 15. dxe6 Nxe5 16. Bxe4 Ng4 $146 ({RR} 16... Bxe6 17. Rfe1 Rac8 18. Qd2 fxg3 19. hxg3 Ng4 20. Bf3 Qh2+ 21. Kf1 Bc4+ {0-1 (21) Salazar,F (2269)-Fiorito,J (2409) chess.com INT 2023}) ({RR} 16... Bxe6 17. Rfe1 Kh8 18. Bxb7 Rab8 19. Bg2 fxg3 20. fxg3 Bc4 21. Qa4 f6 22. Rxe5 fxe5 23. Qxc4 Qg6 24. Nb3 Qc2 25. Be4 Qf2+ 26. Kh1 Rb6 27. Qc7 Rh6 28. Qxe5+ Rff6 29. Bg2 Kg8 30. h3 Rhg6 31. Rg1 {So,W (2772)-Van Foreest,J (2698) chess24.com INT 2021 1-0 (35)}) 17. exf7+ Rxf7 18. h4 fxg3 19. fxg3 Ne3 20. Qb3 Nxf1 21. Rxf1 Kg7 22. Rxf7+ Qxf7 23. Qb4 Bh3 24. Bf5 a5 25. Qb5 Bxf5 26. Nxf5+ Kf6 27. Nh6 Qg6 28. Qb6+ Kg7 29. Nf5+ Qxf5 30. Qxb7+ Qf7 31. Qxa8 Qxa2 32. c4 Qb1+ 33. Kg2 Qc2+ 34. Kh3 Qf5+ 35. Kg2 Qc2+ 36. Kh3 Qf5+ 37. Kg2 Qc2+ 1/2-1/2

[Event "Titled Tue 10th Dec Late"]
[Site "chess.com INT"]
[Date "2024.12.10"]
[Round "2"]
[White "Miljkovic, Mir1"]
[Black "Caruana, F.."]
[Result "1-0"]
[WhiteElo "2422"]
[BlackElo "2805"]
[PlyCount "61"]
[EventDate "2024.12.10"]

1. d4 Nf6 2. c4 Nc6 3. Nf3 e6 4. Nc3 Bb4 5. Qc2 d6 6. Bd2 O-O 7. a3 Bxc3 8. Bxc3 Qe7 9. e4 e5 10. d5 Nb8 11. Be2 a5 12. O-O a4 13. c5 Bd7 14. Bb4 Na6 15. Bxa6 Rxa6 16. Rac1 $146 ({RR} 16. Nd2 Ne8 17. cxd6 cxd6 18. f4 exf4 19. Rxf4 f5 20. Raf1 Ra8 21. exf5 Bb5 22. Re4 Qf7 23. Rf2 Qxd5 24. Re3 Nf6 25. Bc3 Rae8 26. Rxe8 Rxe8 27. Qd1 Ne4 28. Qf3 Nxc3 29. Qxc3 Kf7 30. h3 Re5 {Gasanov,E (2432)-Gashimov,S (2363) Baku 2006 1-0 (41)}) 16... h6 17. cxd6 cxd6 18. Qc7 Nxe4 19. Nxe5 Qxe5 20. Qxd7 Qxd5 21. Rfd1 Rc6 22. Qxb7 Rxc1 23. Qxd5 Rfc8 24. g3 Ng5 25. Rxc1 Rxc1+ 26. Kg2 Rc2 27. Bc3 Re2 28. h4 Ne4 29. Kf1 Rxf2+ 30. Ke1 Rg2 31. Qa8+ 1-0

[Event "Madrid-ch"]
[Site "Madrid"]
[Date "2006.03.08"]
[Round "5"]
[White "Moreno Ruiz, Javier"]
[Black "Caruana, Fabiano"]
[Result "1/2-1/2"]
[WhiteElo "2485"]
[BlackElo "2409"]
[PlyCount "109"]
[EventDate "2006.03.01"]
[EventType "tourn"]
[EventRounds "11"]
[EventCountry "ESP"]
[SourceTitle "CBM 111 Extra"]
[Source "ChessBase"]
[SourceDate "2006.05.09"]
[SourceVersion "1"]
[SourceVersionDate "2006.05.09"]
[SourceQuality "1"]

1. d4 Nf6 2. c4 Nc6 3. Nf3 e6 4. Nc3 Bb4 5. Qc2 d6 6. Bg5 h6 7. Bd2 O-O 8. a3 Bxc3 9. Bxc3 Qe7 10. e3 a5 11. Be2 e5 12. d5 ({RR} 12. b3 e4 13. Nd2 Bf5 14. O-O d5 15. b4 axb4 16. axb4 Nxb4 17. Qb2 Rxa1 18. Rxa1 Nd3 19. Bxd3 exd3 20. Bb4 Qd8 21. Bxf8 Qxf8 22. Qxb7 Kh7 23. cxd5 Qe7 24. Rc1 Ne4 25. Qb2 Qg5 26. Nf3 Qf6 {Georgiev,K (2644)-Fressinet,L (2717) Dubai 2014 0-1 (31)}) 12... Nb8 13. Nd2 c6 $146 ({RR} 13... a4 14. O-O-O c6 15. e4 Nbd7 16. g4 Nc5 17. Rdg1 g5 18. h4 Kg7 19. f3 Rh8 20. Nf1 b5 21. Ne3 bxc4 22. dxc6 Ba6 {1-0 (22) Finegold,B (2400)-Abrashkin,B (2407) chess.com INT 2024}) ({RR} 13... Nbd7 14. O-O a4 15. Rae1 e4 16. Bd4 c6 17. dxc6 bxc6 18. c5 Nxc5 19. Bxc5 dxc5 20. Rc1 Rd8 21. Rfd1 Be6 22. Qxc5 Qxc5 23. Rxc5 Rab8 24. Nc4 Rxd1+ 25. Bxd1 Bxc4 26. Rxc4 Rxb2 27. Rc1 Ra2 28. Bxa4 {Grigorov,G (2321)-Deepan Chakkravarthy,J (2396) Cochin 2004 ½-½ (49)}) 14. dxc6 bxc6 15. O-O Bg4 16. Bxg4 Nxg4 17. Qf5 Qd7 18. Qxd7 Nxd7 19. Nb3 a4 20. Na5 Nb6 21. Rfd1 Rxa5 22. Bxa5 Nxc4 23. Bb4 c5 24. Rac1 Nxb2 25. Rd2 cxb4 26. Rxb2 bxa3 27. Rb4 Nf6 28. Rxa4 Rd8 29. Rxa3 Rd7 30. Ra8+ Kh7 31. Rac8 Kg6 32. R1c7 Kf5 33. Rxd7 Nxd7 34. Re8 Nc5 35. Kf1 d5 36. Ke2 Ne6 37. Re7 Kf6 38. Rd7 d4 39. exd4 Nxd4+ 40. Kd2 Ke6 41. Ra7 Nb5 42. Ra8 Nd6 43. Kd3 Kd5 44. Rg8 g6 45. g4 e4+ 46. Ke2 Ke5 47. Rh8 Kf4 48. h3 f5 49. Rxh6 Kg5 50. Rh7 fxg4 51. h4+ Kf4 52. Rh8 Nf5 53. Rf8 Ke5 54. Re8+ Kf4 55. Rf8 1/2-1/2

[Event "Tata Steel-A 78th"]
[Site "Wijk aan Zee"]
[Date "2016.01.24"]
[Round "8"]
[White "Navara, David"]
[Black "Caruana, Fabiano"]
[Result "1-0"]
[WhiteElo "2730"]
[BlackElo "2787"]
[PlyCount "109"]
[EventDate "2016.01.16"]
[EventType "tourn"]
[EventRounds "13"]
[EventCountry "NED"]
[EventCategory "20"]
[SourceTitle "CBM 171"]
[Source "ChessBase"]
[SourceDate "2016.03.14"]
[SourceVersion "2"]
[SourceVersionDate "2016.03.14"]
[SourceQuality "1"]

1. d4 Nf6 2. c4 e6 3. Nc3 Bb4 4. Qc2 O-O 5. Nf3 c5 6. dxc5 Na6 7. g3 Nxc5 8. Bg2 Nce4 9. O-O Nxc3 10. bxc3 Be7 11. e4 d6 12. e5 dxe5 13. Nxe5 Qc7 14. Qe2 Nd7 15. Bf4 Nxe5 16. Bxe5 Bd6 17. Rfe1 Rb8 18. Rad1 Bxe5 19. Qxe5 Qxe5 20. Rxe5 b6 21. c5 f6 22. cxb6 axb6 23. Re2 Kf7 24. f4 e5 25. fxe5 Bg4 26. e6+ Kg6 27. Be4+ f5 28. e7 $146 ({RR} 28. Rd6 Rf6 29. Bd3 Bxe2 30. Bxe2 Re8 31. Bc4 b5 32. Bd5 f4 33. Rb6 fxg3 34. hxg3 Kf5 35. Rxb5 Rfxe6 36. Bxe6+ Kxe6 37. a4 Rc8 38. Rb3 Kd5 39. Kf2 Rc7 40. a5 Ra7 41. Ra3 Ra6 42. Ra4 h5 {Leenhouts,K (2487)-Lai,H (2392) Amsterdam 2017 ½-½ (66)}) 28... Bxe2 29. Rd6+ Kg5 30. exf8=R Rxf8 31. Bd5 Rf6 32. Rd7 Kh6 33. Kf2 Bb5 34. Rc7 Rd6 35. c4 Be8 36. Rc8 Bd7 37. Rd8 Kg6 38. Ke3 Kf6 39. Kd4 Ke7 40. Rg8 Rg6 41. Ke5 Rg5 42. Rb8 Rg6 43. Rh8 Rh6 44. h4 Be6 45. Ra8 Bd7 46. Rh8 Be6 47. a4 Bd7 48. Ra8 Rg6 49. Ra7 Rxg3 50. a5 bxa5 51. c5 Kd8 52. h5 f4 53. Kd6 Bc8 54. c6 Rg5 55. Bf7 1-0

[Event "CrunchLabs Masters PlayIn"]
[Site "chess.com INT"]
[Date "2024.07.17"]
[Round "7"]
[White "Nepomniachtchi, I.."]
[Black "Caruana, F.."]
[Result "1/2-1/2"]
[WhiteElo "2770"]
[BlackElo "2796"]
[PlyCount "60"]
[EventDate "2024.07.17"]

1. d4 Nf6 2. c4 e6 3. Nc3 Bb4 4. Qc2 O-O 5. e4 d5 6. e5 Ne4 7. Bd3 c5 8. Nf3 cxd4 9. Nxd4 Nd7 10. Bf4 Qh4 11. g3 Qh5 12. O-O g5 13. cxd5 gxf4 14. dxe6 Nxc3 15. exd7 fxg3 16. hxg3 Bxd7 17. bxc3 Rac8 18. Bf5 Bxc3 19. Bxd7 Bxa1 20. Bxc8 Bxd4 21. Bxb7 Qxe5 22. Kg2 Rb8 23. Rb1 Kg7 24. Bf3 Rxb1 25. Qxb1 h6 26. Qe4 Qxe4 27. Bxe4 Bb6 28. f4 $146 ({RR} 28. Bc2 Bd4 {½-½ (31) So,W (2753)-Caruana,F (2786) Saint Louis USA 2023}) 28... Bd4 29. Kf3 Bb6 30. g4 Bc5 1/2-1/2

[Event "10th Sinquefield Cup"]
[Site "Saint Louis USA"]
[Date "2023.11.24"]
[Round "4.2"]
[White "Nepomniachtchi, I.."]
[Black "Caruana, F.."]
[Result "1/2-1/2"]
[WhiteElo "2771"]
[BlackElo "2795"]
[PlyCount "127"]
[EventDate "2023.11.21"]

1. d4 Nf6 2. c4 e6 3. Nc3 Bb4 4. e3 O-O 5. Bd2 d5 6. a3 Be7 7. Nf3 Nbd7 ({RR} 7... c5 8. dxc5 Bxc5 9. Qc2 dxc4 10. Bxc4 Nbd7 11. Rd1 Be7 12. Ng5 h6 13. h4 Qc7 14. Be2 Rd8 15. Rc1 Nf8 16. Nge4 Nxe4 17. Nxe4 Qxc2 18. Rxc2 Bd7 19. Bb4 Bxb4+ 20. axb4 Bc6 21. Nc5 Bxg2 22. Rg1 {Ding Liren (2788)-Nepomniachtchi,I (2795) Astana KAZ 2023 ½-½ (90)}) ({RR} 7... b6 8. cxd5 exd5 9. g3 c5 10. Bg2 Ba6 11. Ne5 Bd6 12. Nxd5 Bxe5 13. Nxf6+ Bxf6 14. Bxa8 cxd4 15. Bf3 dxe3 16. Bxe3 Qe7 17. Qb3 Qe5 18. Rd1 Re8 19. Bd5 Qh5 20. Bc4 Bxb2 21. O-O Bxc4 22. Qxc4 {Klimkowski,J (2511)-Tudor,H (2384) Eforie Nord ROU 2025 1-0}) 8. Qc2 dxc4 9. Bxc4 c5 $146 ({RR} 9... a6 10. O-O b5 11. Ba2 Bb7 12. Ng5 h6 13. Nge4 Nxe4 14. Nxe4 Nf6 15. Nxf6+ Bxf6 16. Rac1 c6 17. Bb1 g6 18. Bb4 Re8 19. Rfd1 Bg7 20. f4 Qh4 21. Qf2 Qxf2+ 22. Kxf2 a5 23. Bc5 Bf8 24. Be4 {Garcia,A (1891)-Sanchez,J (1735) Santo Domingo 2016 ½-½ (55)}) 10. O-O cxd4 11. exd4 Nb6 12. Ba2 Bd7 13. Ne5 Rc8 14. Qd3 Na4 15. Bb3 Nxc3 16. bxc3 Bc6 17. Rfe1 Nd7 18. Nxf7 Rxf7 19. Bxe6 Nf6 20. c4 Bd7 21. Bxf7+ Kxf7 22. Bb4 Bf8 23. d5 Qc7 24. Rac1 Qf4 25. Bxf8 Kxf8 26. c5 Ng4 27. Qg3 Qxg3 28. hxg3 Nf6 29. Re5 a6 30. f3 Bb5 31. g4 Nd7 32. Rf5+ Kg8 33. c6 bxc6 34. dxc6 Rxc6 35. Rd1 h6 36. Rxb5 axb5 37. Rxd7 Rc3 38. Ra7 Rb3 39. Ra5 b4 40. axb4 Rxb4 41. g5 hxg5 42. Rxg5 Kf7 43. Kh2 Kf6 44. Ra5 Rh4+ 45. Kg3 Rb4 46. f4 Rb2 47. Kh3 Rf2 48. g3 g6 49. Ra6+ Kf7 50. Kg4 Rb2 51. Ra7+ Kf6 52. Kf3 Rb3+ 53. Kg2 g5 54. Ra6+ Kf7 55. fxg5 Rb5 56. g6+ Kg7 57. Kh3 Rb4 58. Re6 Ra4 59. g4 Rb4 60. Kh4 Rb5 61. Kg3 Rb4 62. Kh4 Rb5 63. Kg3 Rb4 64. Kh4 1/2-1/2